000 00390nam a22001697a 4500
003 MACL
005 20160114165741.0
008 160114b xxu||||| |||| 00| 0 eng d
040 _cMACL
041 _aEnglish
082 _a900
100 _aNoorani,A.G.
_932309
245 _aIslam and Jihad
260 _aNew Delhi
_bLeft Work Book
_c2002
650 _aHistory
_932391
942 _2ddc
_cBK
999 _c52314
_d52314